[Event "Offene Hessische Senioren Einzelmeisters"]
[Site "Bad Sooden- Allendorf"]
[Date "2011.04.30"]
[Round "1.1"]
[White "van den Berg, Ad"]
[Black "Schneider, Miloca"]
[Result "1-0"]
[WhiteElo "2220"]
[BlackElo "1946"]
[PlyCount "79"]
[EventDate "2011.??.??"]

1. e4 d5 2. Nc3 dxe4 3. Nxe4 Nf6 4. Nxf6+ exf6 5. Bc4 Bd6 6. Qe2+ Qe7 7. Qxe7+
Bxe7 8. d4 c6 9. Bf4 Be6 10. Bxe6 fxe6 11. O-O-O Nd7 12. Nf3 Kf7 13. h4 Rhe8
14. Rhe1 Nf8 15. g4 Rad8 16. Be3 Bd6 17. h5 h6 18. a3 a6 19. Rd3 Rd7 20. Red1
Red8 21. Kb1 e5 22. dxe5 Bxe5 23. Rxd7+ Rxd7 24. Nxe5+ fxe5 25. Re1 Rd8 26. a4
Nd7 27. Rd1 Ke8 28. g5 hxg5 29. Bxg5 Rc8 30. Rd6 Nf8 31. a5 Rc7 32. Rd3 Ne6 33.
Bh4 Rd7 34. Re3 Rd5 35. Bg3 Rxa5 36. Bxe5 Kf7 37. f4 Nf8 38. c4 Ne6 39. b3 b5
40. Bc3 1-0

[Event "Offene Hessische Senioren Einzelmeisters"]
[Site "Bad Sooden- Allendorf"]
[Date "2011.04.30"]
[Round "1.2"]
[White "Mertens, Gottfried"]
[Black "Baum, Dr. Bernd"]
[Result "1/2-1/2"]
[WhiteElo "1982"]
[BlackElo "2267"]
[PlyCount "132"]
[EventDate "2011.??.??"]

1. f4 g6 2. Nf3 c5 3. e3 Bg7 4. Be2 Nh6 5. O-O O-O 6. c3 d5 7. d4 b6 8. Qe1 Qc7
9. Bd3 Ba6 10. Bxa6 Nxa6 11. Qe2 Qb7 12. Nbd2 Nf5 13. g4 Nd6 14. Ne5 f6 15. Nd3
Rac8 16. Nf3 b5 17. dxc5 Nxc5 18. Nxc5 Rxc5 19. Nd4 Qd7 20. f5 Rc4 21. Bd2 Rf7
22. Be1 Bh6 23. Bg3 Ne4 24. Bf4 Bxf4 25. Rxf4 Ng5 26. Rff1 e5 27. fxe6 Nxe6 28.
h3 b4 29. Rac1 bxc3 30. Nxe6 Qxe6 31. b3 Rc6 32. Qd3 Qe5 33. Kg2 Re7 34. Rfe1
Kg7 35. b4 Qe4+ 36. Qxe4 Rxe4 37. a3 f5 38. Kf3 Kf6 39. Red1 fxg4+ 40. hxg4 Ke5
41. Rc2 d4 42. exd4+ Rxd4 43. Re1+ Kf6 44. Re3 Rdc4 45. Kg3 Rc7 46. Rf2+ Kg7
47. Rc2 h6 48. Rf3 h5 49. gxh5 gxh5 50. Kh3 Kh6 51. Rg3 R7c6 52. Rf3 Kg5 53.
Rg2+ Rg4 54. Rc2 Rh4+ 55. Kg3 Rg4+ 56. Kh2 Rgc4 57. Rg2+ Kh6 58. Rc2 Rc7 59.
Kh3 Kg5 60. Rg2+ Rg4 61. Rc2 Rg1 62. Rfxc3 Rxc3+ 63. Rxc3 Kf4 64. Rb3 Ra1 65.
b5 Rh1+ 66. Kg2 Ra1 1/2-1/2

[Event "Offene Hessische Senioren Einzelmeisters"]
[Site "Bad Sooden- Allendorf"]
[Date "2011.04.30"]
[Round "1.3"]
[White "Vogel, Jaap"]
[Black "Fleischer, Matthias"]
[Result "1-0"]
[WhiteElo "2216"]
[BlackElo "1892"]
[PlyCount "80"]
[EventDate "2011.??.??"]

1. d4 Nf6 2. Nf3 g6 3. g3 Bg7 4. Bg2 c6 5. c4 d5 6. cxd5 cxd5 7. Nc3 e6 8. O-O
O-O 9. Bf4 a6 10. b4 Nc6 11. Rb1 Nh5 12. Bg5 Bf6 13. Bh6 Re8 14. e4 dxe4 15.
Nxe4 Be7 16. Nc5 Nf6 17. Ne5 Nd5 18. Nxc6 bxc6 19. Qd2 Rb8 20. Rfc1 Rb6 21. a4
Qd6 22. Bf1 Rd8 23. a5 Rb8 24. Bxa6 Bxa6 25. Nxa6 Rb5 26. Rc5 Ra8 27. Rxb5 cxb5
28. Nc5 Qd8 29. Bf4 Nxf4 30. Qxf4 Qd5 31. Qe4 Qd8 32. Nd3 Rc8 33. Ne5 Bf6 34.
Qb7 Be7 35. Nc6 Rxc6 36. Qxc6 Qxd4 37. Qe8+ Bf8 38. a6 Qe4 39. Rc1 Qxb4 40. a7
Qa3 1-0

[Event "Offene Hessische Senioren Einzelmeisters"]
[Site "Bad Sooden- Allendorf"]
[Date "2011.04.30"]
[Round "1.4"]
[White "Schmitthöfer, Herbert"]
[Black "Schmidt, Gerhard"]
[Result "0-1"]
[WhiteElo "1914"]
[BlackElo "2233"]
[PlyCount "62"]
[EventDate "2011.??.??"]

1. d4 d5 2. Nf3 Nf6 3. c4 e6 4. Nc3 Be7 5. e3 O-O 6. Qc2 c5 7. dxc5 Bxc5 8.
cxd5 exd5 9. Bd3 Nc6 10. a3 Bg4 11. Ne2 Bb6 12. Ned4 Rc8 13. Nxc6 Rxc6 14. Qa4
Bxf3 15. gxf3 Nd7 16. Qg4 Qc7 17. Ke2 Ne5 18. Qf5 g6 19. Qf4 Nxd3 20. Qxc7
Nxc1+ 21. Raxc1 Rxc7 22. Rxc7 Bxc7 23. h3 Be5 24. Rf1 Rc8 25. Kd3 f5 26. f4 Bf6
27. f3 Kf7 28. e4 dxe4+ 29. fxe4 fxe4+ 30. Kxe4 Rc4+ 31. Kf3 Ke6 0-1

[Event "Offene Hessische Senioren Einzelmeisters"]
[Site "Bad Sooden- Allendorf"]
[Date "2011.04.30"]
[Round "1.5"]
[White "Ljubarskij, Juri"]
[Black "Aepfler, Gerhard"]
[Result "1-0"]
[WhiteElo "2253"]
[BlackElo "2003"]
[PlyCount "69"]
[EventDate "2011.??.??"]

1. e4 e5 2. Nf3 d5 3. exd5 e4 4. Qe2 Nf6 5. d3 Qxd5 6. Nfd2 Be7 7. dxe4 Qd8 8.
Qd3 Nbd7 9. Be2 O-O 10. O-O c6 11. Nc3 Qc7 12. Qg3 Bd6 13. f4 b5 14. e5 Bc5+
15. Kh1 Nd5 16. Nxd5 cxd5 17. Bxb5 Rb8 18. Bd3 f6 19. e6 Nb6 20. f5 Bd6 21. Qh4
Bb7 22. Nf3 Nc4 23. b3 Ne5 24. Nxe5 Bxe5 25. Bf4 Bxf4 26. Qxf4 Qe7 27. Rad1
Rbc8 28. Qd4 Ba8 29. a4 Rfd8 30. b4 Rd6 31. b5 Qc7 32. Rfe1 Re8 33. Bc4 Qb7 34.
Bb3 Re7 35. Rd2 1-0

[Event "Offene Hessische Senioren Einzelmeisters"]
[Site "Bad Sooden- Allendorf"]
[Date "2011.04.30"]
[Round "1.6"]
[White "Wieprecht, Gerhard"]
[Black "Haubt, Georg"]
[Result "0-1"]
[WhiteElo "1922"]
[BlackElo "2207"]
[PlyCount "78"]
[EventDate "2011.??.??"]

1. e4 d6 2. d4 Nf6 3. Nc3 c6 4. Nf3 Bg4 5. Be2 Nbd7 6. O-O e5 7. Be3 Be7 8. h3
Bh5 9. Qd2 O-O 10. Rad1 Qc7 11. Nh4 Bxe2 12. Qxe2 g6 13. dxe5 dxe5 14. Bh6 Rfd8
15. Nf3 Bf8 16. Bg5 Bg7 17. Nd2 b5 18. a3 a5 19. Qe3 Nf8 20. Qf3 Rd6 21. Nb3 h6
22. Rxd6 Qxd6 23. Be3 N8d7 24. Rd1 Qe7 25. Rd2 b4 26. Na4 bxa3 27. bxa3 Qxa3
28. Nac5 Nxc5 29. Bxc5 Qa4 30. Be7 Qxe4 31. Qd1 Nd5 32. Nc5 Qc4 33. Rd3 e4 34.
Rd2 Bc3 35. Bd6 Rd8 36. Nb7 Rd7 37. Qg4 Nf6 38. Qf4 Bxd2 39. Qxf6 Qe6 0-1

[Event "Offene Hessische Senioren Einzelmeisters"]
[Site "Bad Sooden- Allendorf"]
[Date "2011.04.30"]
[Round "1.7"]
[White "Jongsma, Lex"]
[Black "Gebuhr, Günter"]
[Result "1-0"]
[WhiteElo "2196"]
[BlackElo "1951"]
[PlyCount "45"]
[EventDate "2011.??.??"]

1. e4 c5 2. Nf3 Nc6 3. Bb5 g6 4. O-O Bg7 5. c3 e5 6. Na3 Nge7 7. Nc4 d6 8. d4
cxd4 9. cxd4 O-O 10. d5 Na5 11. Ne3 a6 12. Bd3 b5 13. b4 Nb7 14. a4 Bd7 15. Qe2
bxa4 16. Bxa6 Qb6 17. Bd3 Rfc8 18. Nc4 Qd8 19. Be3 f5 20. Nb6 fxe4 21. Bxe4 Nf5
22. Nxc8 Rxc8 23. Qa6 1-0

[Event "Offene Hessische Senioren Einzelmeisters"]
[Site "Bad Sooden- Allendorf"]
[Date "2011.04.30"]
[Round "1.9"]
[White "Liebert, Heinz"]
[Black "Millen, Ernst"]
[Result "1-0"]
[WhiteElo "2240"]
[BlackElo "1953"]
[PlyCount "99"]
[EventDate "2011.??.??"]

1. c4 c5 2. Nf3 Nc6 3. Nc3 e6 4. g3 a6 5. Bg2 Nf6 6. O-O Be7 7. d4 cxd4 8. Nxd4
O-O 9. b3 Bc5 10. Nc2 Qe7 11. Na4 Bd6 12. Nb6 Rb8 13. h3 Rd8 14. e4 Bc7 15. Be3
d6 16. Rc1 Nd7 17. Nxc8 Rdxc8 18. Nd4 Nxd4 19. Bxd4 b6 20. Qd2 e5 21. Bb2 a5
22. h4 Rd8 23. Rfd1 Nc5 24. Qe2 Qe8 25. Rd5 f6 26. Rcd1 b5 27. cxb5 Qxb5 28.
Qxb5 Rxb5 29. Ba3 Kf7 30. f3 Rbb8 31. Bh3 Ke7 32. Bxc5 dxc5 33. Rd7+ Ke8 34.
R1d5 Bb6 35. Kf1 Rxd7 36. Rxd7 Kf8 37. Be6 Rd8 38. Rb7 Rd6 39. Bd5 g5 40. Rxh7
gxh4 41. gxh4 f5 42. Rf7+ Ke8 43. Rxf5 Rh6 44. Rxe5+ Kd7 45. h5 Kd6 46. Rg5 Bd8
47. Rg6+ Rxg6 48. hxg6 Bf6 49. f4 Bg7 50. Ke2 1-0

[Event "Offene Hessische Senioren Einzelmeisters"]
[Site "Bad Sooden- Allendorf"]
[Date "2011.04.30"]
[Round "1.10"]
[White "Hoffmann, Erich"]
[Black "Zunker, Dr. Reinhard"]
[Result "1/2-1/2"]
[WhiteElo "1914"]
[BlackElo "2211"]
[PlyCount "70"]
[EventDate "2011.??.??"]

1. e4 d6 2. d4 g6 3. f4 Bg7 4. Nf3 c6 5. Bd3 Bg4 6. c3 Nd7 7. h3 Bxf3 8. Qxf3
e5 9. fxe5 dxe5 10. d5 Nc5 11. O-O f5 12. exf5 Nxd3 13. Qxd3 Qxd5 14. Qxd5 cxd5
15. fxg6 hxg6 16. Bg5 Rh5 17. h4 Nh6 18. Na3 Nf7 19. Bf6 Bf8 20. g4 Rh7 21. Kg2
Bxa3 22. bxa3 Kd7 23. Rab1 b6 24. Rb5 Ke6 25. Bg5 Nxg5 26. hxg5 e4 27. Rf6+ Ke5
28. c4 Rd8 29. Rxg6 Rc7 30. Rxd5+ Rxd5 31. cxd5 Rc2+ 32. Kg3 Rxa2 33. Re6+ Kxd5
34. Re8 Rxa3+ 35. Kh4 Rc3 1/2-1/2

[Event "Offene Hessische Senioren Einzelmeisters"]
[Site "Bad Sooden- Allendorf"]
[Date "2011.04.30"]
[Round "1.11"]
[White "Schumacher, Gottfried"]
[Black "Barlo, Werner"]
[Result "1-0"]
[WhiteElo "2291"]
[BlackElo "1901"]
[PlyCount "125"]
[EventDate "2011.??.??"]

1. d4 Nf6 2. c4 e6 3. Nc3 b6 4. Nf3 Bb7 5. Bg5 Be7 6. e3 d6 7. Bd3 Nbd7 8. O-O
h6 9. Bh4 O-O 10. Rc1 a5 11. Qe2 Re8 12. Rfd1 Rc8 13. Bc2 c5 14. Ba4 Rf8 15.
dxc5 Nxc5 16. Bc2 Nfe4 17. Nxe4 Bxe4 18. Bg3 Bxc2 19. Rxc2 Qc7 20. h3 Rfd8 21.
Nd4 Qb7 22. f3 Rd7 23. Rcd2 Rcd8 24. e4 Bg5 25. Rc2 Be7 26. b3 Bf6 27. Nb5 Be7
28. Rcd2 Qb8 29. Rd4 f6 30. Qd2 e5 31. Rd5 Ne6 32. Qe3 Nc5 33. Bf2 Bf8 34. R5d2
Be7 35. Qe1 Ne6 36. Qe3 Nc5 37. Qe2 Ne6 38. Be3 Nc5 39. Rd5 Bf8 40. Qf2 Be7 41.
h4 Rf8 42. Qg3 Kh8 43. Qg4 Qd8 44. Qf5 Rg8 45. h5 Qe8 46. Kf2 g5 47. hxg6 Qxg6
48. g4 Qxf5 49. gxf5 Bf8 50. Nxd6 Rdg7 51. Bxc5 Rg2+ 52. Ke3 bxc5 53. Rxc5 h5
54. Nf7+ Kh7 55. Rxa5 Bh6+ 56. Nxh6 Kxh6 57. Ra6 Kg5 58. Rdd6 Rf8 59. Ra7 Kh4
60. Rd1 Rg5 61. Rh1+ Kg3 62. Rd7 Kg2 63. Rdd1 1-0

[Event "Offene Hessische Senioren Einzelmeisters"]
[Site "Bad Sooden- Allendorf"]
[Date "2011.04.30"]
[Round "1.12"]
[White "Didzuhn, Dr. Werner"]
[Black "van Geffen, Ben"]
[Result "0-1"]
[WhiteElo "1930"]
[BlackElo "2135"]
[PlyCount "110"]
[EventDate "2011.??.??"]

1. e4 e5 2. Bc4 Nf6 3. d4 exd4 4. Nf3 Nxe4 5. Qxd4 Nf6 6. Nc3 Nc6 7. Qh4 Be7 8.
Bg5 d5 9. O-O-O Be6 10. Rhe1 O-O 11. Bd3 g6 12. h3 Re8 13. Ne5 Nxe5 14. Rxe5
Nd7 15. Bxe7 Qxe7 16. Qxe7 Rxe7 17. Rxd5 Bxd5 18. Nxd5 Re5 19. Nxc7 Rc8 20. Nb5
Nc5 21. Nc3 Rd8 22. Bc4 Rxd1+ 23. Kxd1 a6 24. a4 Kf8 25. Kd2 f5 26. b3 Ne4+ 27.
Nxe4 Rxe4 28. f3 Re5 29. Kc3 f4 30. Kd2 Ke7 31. Bd3 Rg5 32. Bf1 Kd6 33. c3 a5
34. Kc2 Kc5 35. Kd2 Rd5+ 36. Kc2 Kd6 37. Bd3 Ke5 38. Be4 Rd7 39. Bd3 Kf6 40.
Bb5 Rd6 41. Bd3 Kg5 42. Be4 b6 43. b4 Kh4 44. bxa5 bxa5 45. c4 Kg3 46. c5 Rd8
47. Kc3 Kxg2 48. Kc4 Kxh3 49. c6 Kg3 50. Kb5 g5 51. Bxh7 Kxf3 52. c7 Rc8 53.
Kb6 g4 54. Bf5 Rxc7 55. Kxc7 g3 0-1

[Event "Offene Hessische Senioren Einzelmeisters"]
[Site "Bad Sooden- Allendorf"]
[Date "2011.04.30"]
[Round "1.13"]
[White "Lindner, Jan-Joost"]
[Black "Fromme, Werner"]
[Result "1-0"]
[WhiteElo "2155"]
[BlackElo "1935"]
[PlyCount "49"]
[EventDate "2011.??.??"]

1. f4 d5 2. Nf3 Nf6 3. e3 c6 4. Be2 g6 5. O-O Bg7 6. d3 O-O 7. Nc3 Bg4 8. Qe1
Nbd7 9. e4 dxe4 10. dxe4 Bxf3 11. Rxf3 e5 12. f5 Qb6+ 13. Kh1 Ng4 14. h3 Ngf6
15. g4 h6 16. g5 hxg5 17. Bxg5 Nh5 18. Qh4 Nf4 19. Bxf4 exf4 20. fxg6 fxg6 21.
Bc4+ Rf7 22. Bxf7+ Kxf7 23. Qxf4+ Nf6 24. e5 Rh8 25. exf6 1-0

[Event "Offene Hessische Senioren Einzelmeisters"]
[Site "Bad Sooden- Allendorf"]
[Date "2011.04.30"]
[Round "1.14"]
[White "Micheel, Peter"]
[Black "Knaak, Joachim"]
[Result "0-1"]
[WhiteElo "1989"]
[BlackElo "2190"]
[PlyCount "38"]
[EventDate "2011.??.??"]

1. e4 c5 2. c3 Nf6 3. e5 Nd5 4. Nf3 e6 5. d4 Be7 6. c4 Nb6 7. Be2 O-O 8. O-O
cxd4 9. Qxd4 Nc6 10. Qe4 f5 11. exf6 Bxf6 12. Nc3 d5 13. cxd5 exd5 14. Qc2 Qe7
15. Re1 Nd4 16. Nxd4 Bxd4 17. Rf1 Bf5 18. Bd3 Bxf2+ 19. Rxf2 Qe1+ 0-1

[Event "Offene Hessische Senioren Einzelmeisters"]
[Site "Bad Sooden- Allendorf"]
[Date "2011.04.30"]
[Round "1.15"]
[White "Lenk, Wolfgang"]
[Black "Lüders, Dr. Günther"]
[Result "1-0"]
[WhiteElo "2238"]
[BlackElo "1870"]
[PlyCount "120"]
[EventDate "2011.??.??"]

1. e4 c5 2. Nf3 Nc6 3. d4 cxd4 4. Nxd4 d6 5. Nc3 Nf6 6. Be2 g6 7. Be3 Bd7 8. f3
a6 9. Qd2 Bg7 10. O-O-O b5 11. Bh6 O-O 12. Bxg7 Kxg7 13. h4 b4 14. Nd5 Nxd4 15.
Qxd4 a5 16. Nxf6 exf6 17. h5 Be6 18. hxg6 hxg6 19. Qd2 Rh8 20. Rxh8 Qxh8 21.
Qxd6 Qh4 22. Kb1 Qg5 23. g3 Rh8 24. b3 Qe3 25. Qd3 Qf2 26. g4 Rh2 27. Rd2 Qc5
28. Bd1 Rh3 29. Qd4 Qg5 30. Rf2 Rh1 31. Kb2 Qh4 32. Rd2 Qg3 33. a3 bxa3+ 34.
Kxa3 Qb8 35. g5 Qf4 36. gxf6+ Qxf6 37. c4 Qxd4 38. Rxd4 Rh5 39. b4 axb4+ 40.
Kxb4 Kf6 41. c5 Ke7 42. Rd2 Rh8 43. c6 Rc8 44. Kc5 Ra8 45. Be2 Rb8 46. Bc4 Bc8
47. c7 Rb7 48. Kc6 Rb4 49. Bb5 Rb3 50. Rd8 Rc3+ 51. Kb6 Bh3 52. Bc6 Rb3+ 53.
Kc5 Rc3+ 54. Kb5 Bf1+ 55. Kb4 Rxc6 56. c8=Q Rxc8 57. Rxc8 Bh3 58. Rc5 Be6 59.
Kc3 Kf8 60. Kd4 Kg7 1-0

[Event "Offene Hessische Senioren Einzelmeisters"]
[Site "Bad Sooden- Allendorf"]
[Date "2011.04.30"]
[Round "1.16"]
[White "Scholze, Roland"]
[Black "Villing, Dieter"]
[Result "0-1"]
[WhiteElo "1986"]
[BlackElo "2223"]
[PlyCount "92"]
[EventDate "2011.??.??"]

1. e4 c5 2. Nf3 Nc6 3. c3 Nf6 4. e5 Nd5 5. Bc4 Nb6 6. Bb3 c4 7. Bc2 d6 8. exd6
Qxd6 9. d4 cxd3 10. Qxd3 Qxd3 11. Bxd3 e5 12. Be3 Nd5 13. Bd2 Bg4 14. Be4 O-O-O
15. O-O f5 16. Bc2 e4 17. Ng5 Rd7 18. Ne6 Bd6 19. Bb3 Nc7 20. Be3 Re8 21. Nxc7
Kxc7 22. Na3 Kb8 23. Nc2 Be5 24. Ba4 Red8 25. Bxc6 bxc6 26. Nd4 Rc8 27. h3 c5
28. Ne6 Re7 29. Nxc5 f4 30. hxg4 fxe3 31. Na6+ Kb7 32. Nb4 Rd8 33. fxe3 Rd2 34.
Rab1 a5 35. a3 axb4 36. axb4 Kc6 37. Rf8 Bg3 38. Rc8+ Kb7 39. Rc5 Red7 40. Rf1
Rd1 41. Rc4 Rxf1+ 42. Kxf1 Rf7+ 43. Kg1 Bf2+ 44. Kh2 Re7 45. g3 Bxe3 46. Kg2
Bc1 0-1

[Event "Offene Hessische Senioren Einzelmeisters"]
[Site "Bad Sooden- Allendorf"]
[Date "2011.04.30"]
[Round "1.17"]
[White "Holscher, Peter"]
[Black "Brandt, Fred"]
[Result "1-0"]
[WhiteElo "2085"]
[BlackElo "1873"]
[PlyCount "111"]
[EventDate "2011.??.??"]

1. d4 Nf6 2. c4 e6 3. Nf3 d5 4. Nc3 Nbd7 5. e3 Bd6 6. Bd3 O-O 7. O-O b6 8. cxd5
exd5 9. e4 dxe4 10. Nxe4 Nxe4 11. Bxe4 Rb8 12. Qc2 g6 13. Bh6 Re8 14. Rad1 Bb7
15. Bxb7 Rxb7 16. Qc6 Rb8 17. Rfe1 Nf6 18. Bg5 Qd7 19. Qc2 Nd5 20. a3 Rxe1+ 21.
Rxe1 Re8 22. Re4 Kg7 23. Qe2 Rxe4 24. Qxe4 Qe6 25. Qxe6 fxe6 26. Kf1 h6 27. Bd2
Nf6 28. Ke2 g5 29. h3 Kg6 30. g4 Nd7 31. Bc3 Kf6 32. Kd3 Ke7 33. Kc4 a6 34. a4
Nf6 35. Bd2 Ne4 36. Bc3 Nf6 37. Kd3 Nd7 38. h4 gxh4 39. Nxh4 Nf6 40. f3 Ng8 41.
Ng2 Kf6 42. Nf4 Ne7 43. Ke4 Ng8 44. Nd3 Ke7 45. Ne5 Nf6+ 46. Kd3 Bxe5 47. dxe5
Ng8 48. Kc4 Kd7 49. Kd4 Kc6 50. Ke4 Kd7 51. f4 Ne7 52. f5 Ng8 53. f6 Ke8 54.
Kd4 Kf7 55. Kc4 Kg6 56. a5 1-0

[Event "Offene Hessische Senioren Einzelmeisters"]
[Site "Bad Sooden- Allendorf"]
[Date "2011.04.30"]
[Round "1.18"]
[White "Mewes, Hans-Dieter"]
[Black "Wünsch, Ulrich"]
[Result "0-1"]
[WhiteElo "1938"]
[BlackElo "2142"]
[PlyCount "48"]
[EventDate "2011.??.??"]

1. c4 c5 2. g3 g6 3. Bg2 Bg7 4. Nc3 Nc6 5. d3 d6 6. Bd2 Bd7 7. a3 Nf6 8. Rb1
Rb8 9. b4 b6 10. b5 Nd4 11. Nf3 Ne6 12. O-O O-O 13. h3 Nc7 14. e4 e6 15. e5
dxe5 16. Nxe5 Nfe8 17. Qe2 Nd6 18. Nd1 Nf5 19. Bc3 Be8 20. Nc6 Bxc6 21. Bxg7
Bxg2 22. Kxg2 Nxg7 23. Ne3 Nf5 24. Nxf5 exf5 0-1

[Event "Offene Hessische Senioren Einzelmeisters"]
[Site "Bad Sooden- Allendorf"]
[Date "2011.04.30"]
[Round "1.19"]
[White "Rädeker, Bernd"]
[Black "Roth, Reinhard"]
[Result "1-0"]
[WhiteElo "2220"]
[BlackElo "1912"]
[PlyCount "93"]
[EventDate "2011.??.??"]

1. d4 e5 2. dxe5 Nc6 3. Nf3 Qe7 4. Bd2 Nxe5 5. Nxe5 Qxe5 6. Bc3 Qh5 7. Nd2 d5
8. e4 Qxd1+ 9. Rxd1 dxe4 10. Nxe4 Bf5 11. Bb5+ c6 12. Bd3 Bg6 13. Nd6+ Bxd6 14.
Bxg7 O-O-O 15. Bxh8 Re8+ 16. Kf1 Bc5 17. Bxg6 hxg6 18. Bd4 Be7 19. g3 c5 20.
Be3 b6 21. Kg2 g5 22. Rhe1 f6 23. h4 Rf8 24. hxg5 fxg5 25. g4 Nh6 26. f3 Nf7
27. Rd5 Bf6 28. c3 Kc7 29. Bf2 Kc6 30. Rf5 Nd6 31. Re6 Be7 32. Rxe7 Nxf5 33.
gxf5 Rxf5 34. Rxa7 Rd5 35. Be3 c4 36. a4 Re5 37. Kf2 Rf5 38. Ra6 g4 39. Rxb6+
Kc7 40. f4 Rh5 41. Bd4 Rh3 42. a5 Rf3+ 43. Kg2 Rd3 44. Be5+ Kc8 45. a6 Rd1 46.
a7 Ra1 47. Rb8+ 1-0

[Event "Offene Hessische Senioren Einzelmeisters"]
[Site "Bad Sooden- Allendorf"]
[Date "2011.04.30"]
[Round "1.20"]
[White "Schütze, Manfred"]
[Black "Haselhorst, Helmut"]
[Result "0-1"]
[WhiteElo "1913"]
[BlackElo "2119"]
[PlyCount "36"]
[EventDate "2011.??.??"]

1. e4 Nf6 2. Nc3 e5 3. Nf3 Nc6 4. Bc4 Nxe4 5. Nxe4 d5 6. Bxd5 Qxd5 7. Nc3 Qa5
8. O-O Bg4 9. Qe2 O-O-O 10. Qc4 Bxf3 11. gxf3 Nd4 12. Qxf7 Bd6 13. Kh1 g6 14.
Qc4 Nxc2 15. Rb1 Qc5 16. Qe4 Nd4 17. b4 Qc4 18. a3 Qxf1# 0-1

[Event "Offene Hessische Senioren Einzelmeisters"]
[Site "Bad Sooden- Allendorf"]
[Date "2011.04.30"]
[Round "1.21"]
[White "Franck, Rudolf"]
[Black "Kühnl, Bernd"]
[Result "1-0"]
[WhiteElo "2202"]
[BlackElo "1892"]
[PlyCount "75"]
[EventDate "2011.??.??"]

1. d4 Nf6 2. c4 g6 3. Nc3 Bg7 4. e4 d6 5. f4 O-O 6. Nf3 c6 7. Be2 Qc7 8. O-O
Bg4 9. Be3 Nbd7 10. h3 Bxf3 11. Bxf3 e5 12. fxe5 dxe5 13. d5 Ne8 14. Qb3 b6 15.
Rac1 Nd6 16. Rfd1 c5 17. Nb5 Qb8 18. a3 Nf6 $11 19. Nxd6 Qxd6 20. Qa4 a5 21.
Rc3 Rfd8 22. Rb3 Rab8 23. Rdd3 h6 24. Rb5 Ne8 25. b4 axb4 26. axb4 Ra8 27. Qb3
Ra1+ 28. Kh2 Rda8 29. bxc5 bxc5 30. Bxc5 Qf6 31. Rd1 Qf4+ 32. Kh1 Rxd1+ 33.
Qxd1 Nf6 34. Qb1 Nh5 35. Bxh5 gxh5 36. Rb8+ Rxb8 37. Qxb8+ Kh7 38. d6 1-0

[Event "Offene Hessische Senioren Einzelmeisters"]
[Site "Bad Sooden- Allendorf"]
[Date "2011.04.30"]
[Round "1.23"]
[White "Rüberg, Jobst"]
[Black "Alvarez, Luis"]
[Result "1-0"]
[WhiteElo "2143"]
[BlackElo "1869"]
[PlyCount "80"]
[EventDate "2011.??.??"]

1. e4 d5 2. exd5 Qxd5 3. Nc3 Qa5 4. g3 c6 5. Bg2 Nf6 6. Nge2 e5 7. O-O Bd6 8.
d3 O-O 9. Bg5 Nbd7 10. a3 Qc7 11. b4 a6 12. Rb1 Rb8 13. Ne4 Nxe4 14. dxe4 h6
15. Be3 Nf6 16. c4 Bg4 17. c5 Be7 18. h3 Rbd8 19. Qc2 Be6 20. f4 exf4 21. gxf4
Bc8 22. f5 Qd7 23. Rbd1 Qe8 24. Bd4 Nh7 25. e5 Bg5 26. Qe4 Qe7 27. h4 Bxh4 28.
f6 Bxf6 29. exf6 Qxe4 30. Bxe4 Ng5 31. Ng3 g6 32. Bg2 Rfe8 33. Bb2 Bg4 34. Rxd8
Rxd8 35. Ne4 Nxe4 36. Bxe4 h5 37. Bf3 Be6 38. Rd1 Bd5 39. Bxd5 cxd5 40. Kf2 g5
1-0

[Event "Offene Hessische Senioren Einzelmeisters"]
[Site "Bad Sooden- Allendorf"]
[Date "2011.04.30"]
[Round "1.24"]
[White "Meyer, Walter"]
[Black "Achenbach, Manfred"]
[Result "0-1"]
[WhiteElo "1889"]
[BlackElo "2160"]
[PlyCount "70"]
[EventDate "2011.??.??"]

1. c4 c5 2. g3 g6 3. Bg2 Bg7 4. e4 Nc6 5. Ne2 d6 6. Nbc3 Nf6 7. O-O O-O 8. d3
a6 9. a3 Rb8 10. Rb1 b5 11. cxb5 axb5 12. b4 cxb4 13. axb4 Be6 14. Qc2 Qd7 15.
Nf4 Nd4 16. Qd1 Rfc8 17. Nce2 Bg4 18. f3 Nxe2+ 19. Qxe2 Be6 20. Nxe6 Qxe6 21.
Be3 Ra8 22. Rfc1 h5 23. Rxc8+ Qxc8 24. d4 Ra3 25. Qd2 Qa6 26. Bf1 Nd7 27. Qc1
Qa7 28. Bxb5 Rxe3 29. Bxd7 Qxd4 30. Kg2 Re2+ 31. Kh3 Qf2 32. Qg1 Qxf3 33. Re1
g5 34. Rxe2 Qxe2 35. Qg2 g4+ 0-1

[Event "Offene Hessische Senioren Einzelmeisters"]
[Site "Bad Sooden- Allendorf"]
[Date "2011.04.30"]
[Round "1.25"]
[White "Weyrauch, Erich"]
[Black "Juckschat, Paul"]
[Result "1-0"]
[WhiteElo "2184"]
[BlackElo "1926"]
[PlyCount "159"]
[EventDate "2011.??.??"]

1. e4 d5 2. exd5 Qxd5 3. d4 Nf6 4. Nc3 Qd6 5. Nf3 a6 6. Bg5 Bg4 7. Be2 Nc6 8.
Be3 O-O-O 9. Ng5 Be6 10. Nxe6 Qxe6 11. O-O Qd6 12. Bg4+ Kb8 13. d5 Nxg4 14.
Qxg4 Ne5 15. Qd4 Nc6 16. Qe4 Na7 17. Rad1 Qg6 18. Qd4 Nc8 19. Ne4 e6 20. c4
exd5 21. cxd5 f5 22. Nc3 Bd6 23. Bf4 Qg4 24. Bxd6 Nxd6 25. Qxg4 fxg4 26. Rd4 h5
27. f3 gxf3 28. Rxf3 Rhf8 29. Rdf4 Rxf4 30. Rxf4 b5 31. a4 Kb7 32. axb5 axb5
33. Kf2 Kb6 34. Kf3 Rd7 35. b4 Nc4 36. Rf8 Nd6 37. Kf4 Re7 38. Rb8+ Ka7 39. Rh8
g5+ 40. Kf3 h4 41. Rf8 Kb6 42. Rf6 Kb7 43. Re6 Rf7+ 44. Ke3 Rf4 45. Ne4 Nxe4
46. Rxe4 Rf5 47. Kd4 Kc8 48. Kc5 Kd7 49. Re6 Rf2 50. g3 Rxh2 51. gxh4 Rxh4 52.
Rg6 Rh5 53. Rg7+ Kc8 54. Kxb5 g4 55. Kc6 Rh6+ 56. Kc5 Rd6 57. Rxg4 Kb7 58. Re4
Rd7 59. Re6 Rd8 60. Re7 Rd6 61. Re6 Rd8 62. Re7 Rd6 63. Re6 Rd7 64. b5 Rd8 65.
b6 cxb6+ 66. Rxb6+ Kc7 67. d6+ Kd7 68. Rb7+ Kc8 69. Rc7+ Kb8 70. Kc6 Rc8 71.
Kd7 Rh8 72. Rc5 Rh7+ 73. Kc6 Rh6 74. Re5 Rh1 75. Rb5+ Ka8 76. Kc7 Rc1+ 77. Kd8
Rd1 78. d7 Rh1 79. Kc7 Rc1+ 80. Kd6 1-0

[Event "Offene Hessische Senioren Einzelmeisters"]
[Site "Bad Sooden- Allendorf"]
[Date "2011.04.30"]
[Round "1.26"]
[White "Draxler, Gottfried"]
[Black "Biller, Dr. Helmut"]
[Result "1/2-1/2"]
[WhiteElo "1813"]
[BlackElo "2139"]
[PlyCount "92"]
[EventDate "2011.??.??"]

1. d4 Nf6 2. c4 e6 3. Nc3 Bb4 4. Qc2 b6 5. Nf3 Bb7 6. Nd2 d5 7. a3 Be7 8. e3
O-O 9. Be2 dxc4 10. O-O b5 11. b3 cxb3 12. Nxb3 c6 13. Bf3 a6 14. Bb2 Nbd7 15.
Rfd1 Qb6 16. Rac1 Rac8 17. Ne4 Nxe4 18. Bxe4 h6 19. Nc5 Nxc5 20. dxc5 Qc7 21.
f4 f6 22. Qb3 Bd8 23. Qxe6+ Qf7 24. Qf5 g6 25. Qxg6+ Qxg6 26. Bxg6 Rc7 27. Bf5
Be7 28. Kf2 Bc8 29. Bxc8 Rfxc8 30. Kf3 Kf7 31. g4 Rb7 32. Bd4 a5 33. Rb1 Rd8
34. Rdc1 b4 35. axb4 axb4 36. Rb3 Ke6 37. Ke4 Rb5 38. Rc4 Rdb8 39. f5+ Kf7 40.
Kf4 Bd8 41. h3 Bc7+ 42. Kf3 R8b7 43. Rc1 Ra7 44. Rcb1 Ra4 45. Ke4 Ba5 46. Kd3
Ra2 1/2-1/2

[Event "Offene Hessische Senioren Einzelmeisters"]
[Site "Bad Sooden- Allendorf"]
[Date "2011.04.30"]
[Round "1.27"]
[White "Lang, Ferdinand"]
[Black "von Janta, Lothar"]
[Result "1-0"]
[WhiteElo "2125"]
[BlackElo "1993"]
[PlyCount "84"]
[EventDate "2011.??.??"]

1. e4 e6 2. d4 d5 3. Nc3 Bb4 4. e5 c5 5. a3 Bxc3+ 6. bxc3 Ne7 7. Nf3 c4 8. Be2
O-O 9. O-O Nd7 10. Ng5 h6 11. Nh3 Nb6 12. f4 f5 13. exf6 Rxf6 14. Nf2 Nc6 15.
Ng4 Rf8 16. Qe1 Kh7 17. Qg3 Qe8 18. Bd2 Qg6 19. Rac1 Bd7 20. Qh4 Rad8 21. Rf3
Nb8 22. Rg3 Nc6 23. Nf2 Qf6 24. Qh5 Be8 25. Qf3 Bg6 26. Ng4 Qe7 27. Qe3 Bf5 28.
Nf2 Qxa3 29. Rf3 Qe7 30. g4 Bg6 31. h4 Kg8 32. h5 Bf7 33. Rg3 g5 34. fxg5 Qxg5
35. Qxg5+ hxg5 36. Bxg5 Rd7 37. Bh6 Re8 38. g5 e5 39. Ng4 exd4 40. Nf6+ Kh8 41.
Nxe8 Bxe8 42. g6 Re7 1-0